00293nam a2200121Ia 4500008004100000020001800041041000800059082001100067100001500078245004500093260002500138300000800163221201s9999 xx 000 0 und d a9783869223049 aeng a720.96 aTokarev A. aArchitectural Guide The South Of Russia. bDom Publisher.c2021 a200